Dinámica de grupos (Record no. 6723)
[ view plain ]
| 000 -LEADER | |
|---|---|
| campo de control de longitud fija | 00745nmc a2200277 a 4500 |
| 003 - IDENTIFICADOR DE NÚMERO DE CONTROL | |
| campo de control | AR-BaBNM |
| 005 - FECHA Y HORA DE LA ÚLTIMA TRANSACCIÓN | |
| campo de control | 20251128204242.0 |
| 008 - DATOS DE LONGITUD FIJA--INFORMACIÓN GENERAL | |
| campo de control de longitud fija | 095119s1994 ||||||||||||||000 | spa|| |
| 020 ## - NÚMERO INTERNACIONAL ESTÁNDAR DEL LIBRO | |
| Número Internacional Estándar del Libro | 950-802-001-6 |
| 040 ## - FUENTE DE CATALOGACIÓN | |
| Centro/agencia transcriptor | AR-BaBNM |
| 100 1# - ENTRADA PRINCIPAL--NOMBRE DE PERSONA | |
| Nombre de persona | Agallo Barrios, Armando G. |
| 245 10 - MENCIÓN DEL TÍTULO | |
| Título | Dinámica de grupos |
| Resto del título | más de 100 juegos para practicar en clase |
| 250 ## - MENCION DE EDICION | |
| Mención de edición | 2ª ed. |
| 260 ## - PUBLICACIÓN, DISTRIBUCIÓN, ETC. | |
| Lugar de publicación, distribución, etc. | Buenos Aires |
| Nombre del editor, distribuidor, etc. | Espacio |
| Fecha de publicación, distribución, etc. | 1994 |
| 300 0# - DESCRIPCIÓN FÍSICA | |
| Extensión | 65 p. |
| Otros detalles físicos | il. |
| 490 #0 - MENCIÓN DE SERIE | |
| Mención de serie | Didáctica |
| 650 #4 - PUNTO DE ACCESO ADICIONAL DE MATERIA--TÉRMINO DE MATERIA | |
| Término de materia o nombre geográfico como elemento de entrada | DINAMICA DE GRUPO |
| 650 #4 - PUNTO DE ACCESO ADICIONAL DE MATERIA--TÉRMINO DE MATERIA | |
| Término de materia o nombre geográfico como elemento de entrada | JUEGOS EDUCATIVOS |
| 650 #4 - PUNTO DE ACCESO ADICIONAL DE MATERIA--TÉRMINO DE MATERIA | |
| Término de materia o nombre geográfico como elemento de entrada | TECNICAS DE ENSENANZA |
| 650 #4 - PUNTO DE ACCESO ADICIONAL DE MATERIA--TÉRMINO DE MATERIA | |
| Término de materia o nombre geográfico como elemento de entrada | TECNICAS DIDACTICAS |
| 650 #4 - PUNTO DE ACCESO ADICIONAL DE MATERIA--TÉRMINO DE MATERIA | |
| Término de materia o nombre geográfico como elemento de entrada | JUEGOS INFANTILES |
| 650 #4 - PUNTO DE ACCESO ADICIONAL DE MATERIA--TÉRMINO DE MATERIA | |
| Término de materia o nombre geográfico como elemento de entrada | METODOS DE ENSENANZA |
| 653 ## - TÉRMINO DE INDIZACIÓN--NO CONTROLADO | |
| Término no controlado | EDUCACION PRIMARIA |
| 942 ## - ELEMENTOS DE ENTRADA SECUNDARIOS (KOHA) | |
| Tipo de ítem Koha | Libros |
| 998 ## - INFORMACIÓN DE CONTROL LOCAL (RLIN) | |
| Iniciales del catalogador, CIN (RLIN) | Grace |
| Estatus retirado | Estado de pérdida | Fuente de la clasificación o esquema de estantería | Estado de daño | No para préstamo | Biblioteca de origen | Biblioteca actual | Fecha de adquisición | Total de préstamos | Signatura topográfica completa | Código de barras | Visto por última vez | Precio de reemplazo | Tipo de ítem Koha | Restricciones de uso |
|---|---|---|---|---|---|---|---|---|---|---|---|---|---|---|
| Clasificación Decimal Dewey | Liberty | Liberty | 28/11/2025 | 371.311 AGA | 095663 | 28/11/2025 | 28/11/2025 | Libros | ||||||
| Clasificación Decimal Dewey | Liberty | Liberty | 28/11/2025 | 371.311 AGA | 095664 | 28/11/2025 | 28/11/2025 | Libros | ||||||
| Clasificación Decimal Dewey | Liberty | Liberty | 28/11/2025 | 371.311 AGA | 079009 | 28/11/2025 | 28/11/2025 | Libros | ||||||
| Clasificación Decimal Dewey | No para préstamo | Liberty | Liberty | 28/11/2025 | 371.311 AGA | 079010 | 28/11/2025 | 28/11/2025 | Libros | Acceso restringido |